Charlie Kaufman Filmography - Statistics

General Stats
  • This quiz has been taken 8 times
    2 since last reset
  • The average score is 24 of 39
Answer Stats
Type Year Name % Correct
Film Screenplay 2002 Adaptation.
100%
Film Production 2002 Adaptation.
100%
Film Screenplay 1999 Being John Malkovich
100%
Film Production 1999 Being John Malkovich
100%
Film Screenplay 2004 Eternal Sunshine of the Spotless Mind
100%
Film Story 2004 Eternal Sunshine of the Spotless Mind
100%
Film Production 2004 Eternal Sunshine of the Spotless Mind
100%
Film Director 2020 I'm Thinking of Ending Things
100%
Film Screenplay 2020 I'm Thinking of Ending Things
100%
Film Production 2020 I'm Thinking of Ending Things
100%
Playwright 2005 Anomalisa
50%
Film Director 2015 Anomalisa
50%
Film Screenplay 2015 Anomalisa
50%
Film Production 2015 Anomalisa
50%
Film Screenplay 2002 Confessions of a Dangerous Mind
50%
Film Production 2024 Darkest Miriam
50%
TV Show Writer 1991, 1992 Get a Life
50%
TV Pilot 2014 How and Why
50%
Film Screenplay 2001 Human Nature
50%
Film Production 2001 Human Nature
50%
Short Film Director 2023 Jackals & Fireflies
50%
Short Film Production 2023 Jackals & Fireflies
50%
Film Director TBA Later the War
50%
Film Screenplay TBA Later the War
50%
TV Show Production 1995 Misery Loves Company
50%
TV Show Writer 2006 Moral Orel
50%
TV Show Writer 1996, 1997 Ned and Stacey
50%
TV Show Production 1996-1997 Ned and Stacey
50%
Film Screenplay 2024 Orion and the Dark
50%
Film Director 2008 Synecdoche, New York
50%
Film Screenplay 2008 Synecdoche, New York
50%
Film Production 2008 Synecdoche, New York
50%
Film Production 2025 The Actor
50%
TV Show Writer 1996 The Dana Carvey Show
50%
TV Show Writer 1992-1993 The Edge
50%
Film Screenplay TBA The Memory Police
50%
TV Show Writer 1993 The Trouble with Larry
50%
Playwright 2005 Hope Loves the Theater
0%
Stage Director 2005 Theater of the New Ear
0%
No matching quizzes found
Score Distribution
Percent of People with Each Score
Percentile by Number Answered
Your Score History
You have not taken this quiz since the last reset